More Man Words Quiz Stats

Quiz Updated May 31, 2015

Also try: Man Words
Challenge
Share
Tweet
Embed
Score 0/28 Timer 06:00
2 Plays Today
Hint Word % Correct
Lion's hairmane
96%
Not optionalmandatory
93.5%
City in the UKManchester
92.3%
Crime that's a step below murdermanslaughter
91.8%
Baseball equivalent of head coachmanager
90.8%
Place from which to hang Christmas stockingsmantel
90%
Marine mammalmanatee
85.8%
Treat someone roughlymanhandle
85.8%
A lotmany
85.8%
Tomorrow, en españolmañana
85.5%
To produce goodsmanufacture
85.3%
In South Africa, he is known as Madiba(Nelson) Mandela
84.5%
Archie, Peyton or EliManning
82.5%
Boxer Pacquiao or outfielder RamirezManny
82.2%
Hint Word % Correct
Residence for Bruce Waynemanor
82.1%
'The _____ Candidate'Manchurian
80.6%
Capital of the PhilippinesManila
80%
Skin problem for a dogmange
74.9%
Stationary figure in a department storemannequin
74.3%
Use someone else to your advantagemanipulate
73.1%
Handwritten documentmanuscript
72.8%
____ DestinyManifest
71.4%
Phrase or slogan repeated over and over againmantra
69.7%
Like a villain's laughtermaniacal
69.4%
American singer known for 'Copacabana'(Barry) Manilow
67.9%
Japanese comicsmanga
63%
Part of the exhaust system in a carmanifold
60%
Cat with no tailManx
57.4%

You're not logged in!

Compare scores with friends on all Sporcle quizzes.
Join for Free
OR
Log In

You Might Also Like...

Show Comments

Extras

Top Quizzes Today


Score Distribution

Your Account Isn't Verified!

In order to create a playlist on Sporcle, you need to verify the email address you used during registration. Go to your Sporcle Settings to finish the process.

Report this User

Report this user for behavior that violates our Community Guidelines.

Details: